Kuhimpun kelopak cinta yang gugur
| Main Author: | |
|---|---|
| Format: | Book |
| Published: |
Kuala Lumpur :
Creative Enterprise ,
2003
|
| Subjects: |
MARC
| LEADER | 00000cam a2200000 7i4500 | ||
|---|---|---|---|
| 001 | 0000011649 | ||
| 005 | 20080116.0 | ||
| 008 | 071115 | ||
| 020 | |a 9832629179 | ||
| 090 | 0 | 0 | |a NUR |b MAL |
| 100 | 0 | |a Nur Hanani Hj Azami | |
| 245 | 1 | 0 | |a Kuhimpun kelopak cinta yang gugur |c Nur Hanani Hj Azami |
| 260 | |a Kuala Lumpur : |b Creative Enterprise , |c 2003 | ||
| 650 | 0 | |a Malay fiction | |
| 650 | 0 | |a Novel | |
| 650 | 0 | |a Young adult fiction, Malay | |
| 999 | |a 0001002190 |b Book |c Teenagers |e Perbadanan Perpustakaan Awam Johor | ||
| 999 | |a 0001027148 |b Book |c Teenagers |e Perbadanan Perpustakaan Awam Johor | ||